Geographical Chess Openings - Sudden Death - Statistics

General Stats
  • This quiz has been taken 74 times
  • The average score is 10 of 15
Answers on the Grid
Answers color-coded by a green-red scale on the quiz's grid according to % correct below.
London System
French Defense
Portuguese Gambit
Scandinavian Defense
Dutch Defense
Catalan Game
Scotch Game
English Game
Spanish Game
Italian Game
Budapest Gambit
Polish Opening
Sicilian Defense
Vienna Game
Danish Gambit
Bucharest Game
Sardinian Defense
Andorra Defense
Welsh Game
Glasgow System
Belgian Defense
Vatican Gambit
Ukrainian Opening
Georgian Defense
 
Answer Stats
Answer % Correct
Sicilian Defense
89%
French Defense
80%
Italian Game
77%
London System
77%
Scandinavian Defense
75%
Dutch Defense
71%
English Game
71%
Vienna Game
70%
Polish Opening
66%
Scotch Game
66%
Spanish Game
66%
Danish Gambit
63%
Budapest Gambit
61%
Catalan Game
54%
Portuguese Gambit
38%
No matching quizzes found
Score Distribution
Percent of People with Each Score
Percentile by Number Answered
Your Score History
You have not taken this quiz